| 000 | 01197nam a2200325Ia 4500 | ||
|---|---|---|---|
| 003 | OSt | ||
| 005 | 20221007123055.0 | ||
| 006 | a|||||r|||| 00| 0 | ||
| 007 | ta | ||
| 008 | 221006b |||||||| |||| 00| 0 eng d | ||
| 020 | _a9781786343444 (pbk) | ||
| 024 | _a199050 | ||
| 037 |
_b4723, 21/02/2018, Ashutosh Technical Books _cTextual |
||
| 040 |
_aPAPL _cPAPL _beng |
||
| 041 |
_2eng _aeng |
||
| 082 | _aB0bC, Q8 Carpa | ||
| 100 |
_aPetrini Michela _9716321 |
||
| 245 | 0 |
_aGuide to mathematical methods to physicists: with problems and solutions _b Pradisi Gianfranco Zaffaroni Alberto |
|
| 260 |
_aLondon _bWorld Scientific _c2018 |
||
| 300 |
_ax, 328p. ill. _ccm. |
||
| 490 | _aEssential textbooks in physics | ||
| 500 | _aAppendix A-B 257-319p.; Bibliography 321p.; Index 323-328p. | ||
| 650 |
_a Functional anaylsis _9716322 |
||
| 650 |
_a Mathematical physics _9463933 |
||
| 650 | _aPhysics | ||
| 700 |
_a Pradisi Gianfranco _9716323 |
||
| 700 |
_a Zaffaroni Alberto _9716324 |
||
| 942 |
_hB0bC, Q8 Carpa _cTEXL _2CC |
||
| 999 |
_c1211338 _d1211338 |
||